000 00330nam a2200133Ia 4500
005 20260328101512.0
008 260328s9999||||xx |||||||||||||| ||und||
100 _aPoete, Marcel
245 0 _aIntroduction a L'Urbanismo /
_cMarcel Poete
260 _bSociete Et Urbanisme
300 _a355 p.
650 _aURBANISMO
942 _cBK
999 _c9227
_d9227